| 000 | 00688nam a2200193 a 4500 | ||
|---|---|---|---|
| 005 | 20140310183623.0 | ||
| 008 | 120904s19uu xx 00 eng d | ||
| 020 | _a9780230111134 | ||
| 050 |
_aHD 62.25 _b.Sch3683 2011 |
||
| 100 | _aSchuman, Amy M. | ||
| 245 |
_aNurturing the talent to nurture the legacy : _bcareer development in the family business / _cAmy M. Schuman. |
||
| 260 |
_aNew York : _bPalgrave Macmillan, _c2011. |
||
| 300 |
_a93 p. : _c23 cm. |
||
| 440 | _aFamily Business Leadership Series | ||
| 500 | _aIncludes bibliographical references and index. | ||
| 650 |
_aFamily-owned business enterprises _xManagement |
||
| 650 | _aCareer development | ||
| 942 |
_cBK _2lcc _kFOR |
||
| 999 |
_c25447 _d25447 |
||